000 00466nam a22001817a 4500
003 CEME
005 20210628205123.0
008 210226b xxu||||| |||| 00| 0 eng d
020 _a0-7216-3075-8
040 _c.
082 _a621.381043 DIE'P
100 _aDiefenderfer, A. J
_974037
245 _aPriciples of electronic instrumentation
260 _aLONDON
_bW. B. SAUMDERS
_c1972
300 _aXV, 675P
650 _a ACC NO-30511
_974038
942 _cBK
_2ddc
999 _c579616
_d579616